100 albums des années 80 - Statistiques

Statistiques générales
  • Ce quiz a été pris 32 fois
  • Le résultat moyen est 45 sur 100
Statistiques - réponses
Par images Réponse % Correct
Thriller - Michael Jackson
97%
Ainsi soit je... - Mylène Farmer
93%
True Blue - Madonna
93%
Hot Space - Queen
90%
Non homologué - Jean-Jacques Goldman
90%
Aime-moi - Julien Clerc
87%
Le Cimetière des Éléphants - Eddy Mitchell
87%
Marc Lavoine - Marc Lavoine
87%
Mistral Gagnant - Renaud
87%
Parade - Prince
87%
Sauver l'amour - Daniel Balavoine
87%
Beauséjour - Michel Berger
80%
The No Comprendo - Les Rita Mistouko
80%
Dancing On The Ceiling - Lionel Richie
77%
Mademoiselle Chante - Patricia Kaas
77%
Femmes d'aujourd'hui - Jeanne Mas
73%
La notte, la notte - Étienne Daho
73%
Maurane - Maurane
73%
Nonchalances - Philippe Lavil
73%
Tout pour la musique - France Gall
73%
Dure limite - Téléphone
70%
Elsa - Elsa
70%
État d'urgence - Bernard Lavilliers
70%
Born In The U.S.A. - Bruce Springsteen
67%
Encore un dernier baiser - Niagara
67%
In Square Circle - Stevie Wonder
67%
Make It Big - Wham!
67%
Microclimats - Jean-Pierre Mader
67%
Secret Dreams and Forbidden Fire - Bonnie Tyler
67%
Synchronicity - The Police
67%
Carte Postale - Francis Cabrel
63%
M&J - Vanessa Paradis
63%
Body Wishes - Rod Stewart
60%
Colour By Numbers - Culture Club
60%
Drôle de métier - Johnny Hallyday
60%
King Of The World - Sheila & B.Devotion
57%
Guilty - Barbra Streisand
53%
Le Premier Jour - Julie Pietri
53%
Hounds of Love - Kate Bush
50%
Private Affair - Tina Turner
50%
Select - Kim Wilde
50%
Sweet Dreams (Are Made of This) - Eurythmics
50%
The Visitors - ABBA
50%
3 - Indochine
47%
Ride The Lightning - Metallica
47%
True Colors - Cyndi Lauper
47%
Unchain My Heart - Joe Cocker
47%
Diana - Diana Ross
43%
Hunting High and Low - a-ha
43%
The Unforgettable Fire - U2
43%
Ailleurs pour un ailleurs - Gérard Blanc
40%
Mistaken Identity - Kim Carnes
40%
The Head On The Door - The Cure
40%
Animalize - KISS
37%
Famous Last Words - Supertramp
37%
Promise - Sade
37%
She Works Hard For The Money - Donna Summer
37%
Third World Child - Johnny Clegg & Savuka
37%
Bom bom... - Elli Medeiros
33%
Invisible Touch - Genesis
33%
Mise au point - Jakie Quartz
33%
Somewhere in Time - Iron Maiden
33%
Speak & Spell - Depeche Mode
33%
Too Low For Zero - Elton John
33%
Words - F. R. David
33%
Combat Rock - The Clash
30%
No Parlez - Paul Young
30%
Once Upon a Time - Simple Minds
30%
Une Présence - François Feldman
30%
Watermark - Enya
30%
Solitude Standing - Suzanne Vega
27%
Toi - Corynne Charby
27%
Blackout - Scorpions
23%
Cock Robin - Cock Robin
23%
Different Light - The Bangles
23%
Cloud Nine - George Harrison
20%
Into A Secret Land - Sandra
20%
Physical - Olivia Newton-John
20%
Pizza - Alain Bashung
20%
Répression - TRUST
20%
Touch Me - Samantha Fox
20%
Wonderful Life - Black
20%
Doolittle - Pixies
17%
Heart Shaped World - Chris Isaak
17%
Jarreau - Al Jarreau
17%
Labour Of Love - UB40
17%
The Riddle - Nik Kershaw
17%
Get Nervous - Pat Benatar
13%
Hatful of Hollow - The Smiths
13%
It's My Life - Talk Talk
13%
Let's Talk About Love - Modern Talking
13%
Soleil Cherche Futur - Hubert-Félix Thiéfaine
13%
The Hurting - Tears For Fears
13%
Business As Usual - Men At Work
10%
Elle est d'ailleurs - Pierre Bachelet
10%
Nena - Nena
10%
Through The Looking Glass - Siouxsie and the Banshees
10%
Crises - Mike Oldfield
7%
Liberté - Gilbert Montagné
7%
Best Kept Secret - Sheena Easton
3%
Aucun quiz correspondant
Distribution des résultats
% des personnes avec chaque résultat
Percentile par nombre de réponses
Votre historique - résultats
Vous n’avez pas pris ce quiz